000 01159nam a2200325 i 4500
003 DO-SdBNP
005 20250415144036.0
007 ta
008 240821s2024 dr a j 000 f spa d
020 _a9789945945416
040 _aDO-SdBNP
_bspa
_cBNPHU
_erda
041 _aspa
082 4 _axxx
_bL685p
_222
100 1 _aLeyva Cedeño, Héctor Luis
_d1986-
_eautor
_4aut.
_911765
245 1 4 _aLos pies prestados /
_cHéctor Luis Leyva Cedeño ; ilustraciones, Yury Baldoquín, Rachel Ortiz La Rosa.
264 1 _aSanto Domingo :
_bRío de Oro editores,
_c2024.
300 _a148 páginas ;
_c22 cm.
336 _atexto
_btxt
_2rdacontent
337 _asin mediación
_bn
_2rdamedia
338 _avolumen
_bnc
_2rdacarrier
490 0 _aCarajitos
500 _aIncluye datos biográficos del autor en la solapa de la portada.
500 _aLa primera edición: ediciones Orto, 2014, Manzanillo, provincia Granma, Cuba.
521 _aJuvenil
590 _aInventariado, 2024/ YL
700 1 _aBaldoquín, Yury
_eilustraciones
_4il.
_986374
700 1 _aOrtiz La Rosa, Rachel
_eilustraciones
_4il.
_983695
910 _aYLockward
942 _2ddc
_cLBS1
999 _c57515
_d57515